[Event "WYCC 2018 O16"]
[Site "Halkidiki"]
[Date "2018.10.23"]
[Round "5"]
[White "Szpar, Milosz"]
[Black "Gavrilescu, David"]
[Result "0-1"]
[WhiteElo "2328"]
[BlackElo "2481"]
[Annotator "TA"]
[PlyCount "72"]
[EventDate "2018.10.20"]
[EventType "swiss"]
[EventCountry "GRE"]
[SourceTitle "playchess.com"]
[Source "ChessBase"]
[SourceQuality "1"]

{[%evp 19,72,25,23,0,3,0,0,0,2,-4,-7,-15,-8,-10,-4,-12,0,-4,0,0,10,-8,33,-8,-15,-252,-10,-7,-6,-3,0,0,0,-21,0,0,-28,-64,-66,-43,-22,-17,-26,-48,-11,-75,-73,-83,0,0,0,-235,-222,-29986,-29987]} 1. e4 e6 2. d4 d5 3. Nd2 c5 4. exd5 Qxd5 5. Ngf3 cxd4 6. Bc4 Qd7 {C07: French Tarrasch: 3...c5, 4 Ngf3 and 4 exd5 Qxd5} (6... Qd6 7. O-O Nf6 8. Nb3 Nc6 9. Nbxd4 Nxd4 10. Nxd4 a6 11. Re1 Qc7 12. Bf1 Be7 13. Qf3 O-O 14. Bf4 Bd6 15. Bxd6 Qxd6 16. Rad1 Qc7 17. c4 Rb8 18. Qg3 Qxg3 19. hxg3 Bd7 {½-½ (61) Karjakin,S (2773)-Duda,J (2737) chess.com INT 2018}) 7. O-O Nc6 8. Nb3 a6 9. Nbxd4 Nxd4 10. Nxd4 Qc7 {LiveBook: 111 Games} 11. Qe2 Bd6 12. h3 Ne7 13. a4 O-O 14. Bb3 {[#]} b6 $146 15. Rd1 Ng6 16. c3 Bb7 $36 {[%mdl 2048] Black fights for an advantage.} 17. Bc2 Rad8 18. Bg5 Bh2+ 19. Kh1 Rd5 20. Be3 (20. Nxe6 $5 Rxd1+ 21. Rxd1 fxe6 22. Qxe6+ Kh8 23. Bxg6 hxg6 24. Rd4 $11) 20... Re5 21. Nf3 (21. Bxg6 $5 fxg6 22. b3 $11) 21... Nf4 22. Qf1 $2 {[#]} (22. Rd7 $1 $11 Qc8 23. Qd1 (23. Qd2 Bxf3 24. gxf3 Nd5 $11) 23... Bxf3 24. Qxf3 (24. gxf3 Nd5 $17) 24... Qxd7 25. Kxh2) 22... Rh5 $2 (22... Bxf3 $1 $19 23. gxf3 Nd5) 23. Bxf4 $1 $11 Bxf4 24. Qe2 $1 Kh8 25. Be4 Bc8 26. Nd4 g6 {[%cal Bg7g6,Bg6g5][%mdl 32]} 27. Bf3 Rh6 28. Nc6 g5 29. Kg1 $1 e5 30. Nb4 f5 $1 {[%cal Bf7f5,Bf5e4][%mdl 32] Hoping for ...e4.} 31. g3 g4 (31... e4 $5 {[%cal Re4f3]} 32. Bg2 Be5 $15) 32. hxg4 {[#]} (32. Bh1 $11 Bxg3 33. fxg3) 32... Bxg3 $1 $17 33. fxg3 {Strongly threatening Nd5.} Qc5+ ({Better is} 33... e4 $17 {Threatens to win with ...fxg4.} 34. Bg2 Qxg3) 34. Kg2 $1 $11 e4 $1 {[%cal Re4f3]} 35. Bxe4 $2 (35. g5 $11 {and White stays safe.} Rg6 36. Nd3 (36. Bh5 f4 $17) 36... exf3+ 37. Qxf3) 35... fxe4 $19 36. Nd5 $2 {[#]} (36. Rf1 $19 Rg8 37. Rf4) 36... Bxg4 $1 {[%mdl 512] Precision: White = 32%, Black = 60%.} 0-1

[Event "WYCC 2018 O16"]
[Site "Halkidiki"]
[Date "2018.10.23"]
[Round "5"]
[White "Golikov, Daniil"]
[Black "Alivodic, Dario"]
[Result "1-0"]
[WhiteElo "2319"]
[BlackElo "2082"]
[Annotator "NA"]
[PlyCount "119"]
[EventDate "2018.10.20"]
[EventType "swiss"]
[EventCountry "GRE"]
[SourceTitle "playchess.com"]
[Source "ChessBase"]
[SourceQuality "1"]
[TimeControl "40/5400+30:1800+30"]

1. d4 {[%emt 0:00:00]} e6 {[%emt 0:00:00]} 2. c4 {[%emt 0:00:00]} d5 {[%emt 0:00:00]} 3. Nc3 {[%emt 0:00:00]} c6 {[%emt 0:00:00]} 4. e3 {[%emt 0:00:00]} f5 {[%emt 0:00:00]} 5. Be2 {[%emt 0:02:40]} Nf6 {[%emt 0:00:06]} 6. f4 {[%emt 0:00:19]} Be7 {[%emt 0:01:59]} 7. Nf3 {[%emt 0:00:05]} O-O {[%emt 0:00:15]} 8. O-O {[%emt 0:00:05]} Bd7 {[%emt 0:01:19]} 9. Ne5 {[%emt 0:03:21]} Be8 {[%emt 0:00:33] A84: Dutch Defence: 2 c4 Miscellaneous} 10. Bd2 {[%emt 0:02:55]} Nbd7 {[%emt 0:01:16]} 11. c5 {[%emt 0:01:53]} (11. Be1 Nxe5 12. fxe5 Nd7 13. g4 Bg6 14. Bg3 Bg5 15. Qd2 Qe7 16. cxd5 cxd5 {1-0 (37) Mikhalchishin,A (2490)-Bagirov,V (2480) Tallinn 1988}) 11... Nxe5 {[%emt 0:02:22]} 12. fxe5 {[%emt 0:00:07]} Nd7 {[%emt 0:00:17]} 13. b4 {[%emt 0:00:48]} b5 $146 {[%emt 0:02:25]} ({Predecessor:} 13... b6 14. a3 a5 15. Qb3 Rb8 16. Qa2 axb4 17. axb4 {0-1 (52) Pihlajasalo,H (2217)-Kivisto,M (2294) Finland 2003}) 14. a4 {[%emt 0:05:34]} a6 {[%emt 0:00:10]} 15. Qb3 {[%emt 0:02:13]} Bf7 {[%emt 0:04:20]} 16. Ra3 {[%emt 0:00:51]} Qc7 {[%emt 0:03:02]} 17. Rfa1 {[%emt 0:00:21]} Rab8 {[%emt 0:00:37]} 18. axb5 {[%emt 0:00:10]} axb5 {[%emt 0:00:05]} 19. Ra6 {[%emt 0:02:28]} Rfc8 {[%emt 0:04:06]} 20. R1a5 {[%emt 0:01:56]} Nf8 {[%emt 0:02:26]} 21. Qa2 {[%emt 0:08:16]} Be8 {[%emt 0:02:05]} 22. Be1 {[%emt 0:14:41]} Rb7 {[%emt 0:02:53]} 23. h4 {[%emt 0:00:32]} h5 {[%emt 0:12:35]} 24. Bd3 {[%emt 0:01:41]} g6 {[%emt 0:00:55]} 25. Qe2 {[%emt 0:00:28]} Rcb8 {[%emt 0:00:22]} 26. Kh2 {[%emt 0:00:18]} Kg7 {[%emt 0:01:26]} 27. Bg3 {[%emt 0:00:11]} Bd7 {[%emt 0:03:13]} 28. Ra1 {[%emt 0:01:01]} Qd8 {[%emt 0:03:26]} 29. Kh3 {[%emt 0:04:05]} Nh7 {[%emt 0:03:15]} 30. Be1 $16 {[%emt 0:00:38]} Nf8 {[%emt 0:00:32]} 31. Nxb5 {[%emt 0:03:54]} Rxb5 {[%emt 0:01:41]} 32. Bxb5 {[%emt 0:00:07]} Rxb5 {[%emt 0:00:07]} 33. R1a5 {[%emt 0:00:22]} Qc8 {[%emt 0:03:29]} 34. Ra8 {[%emt 0:01:35]} Rb8 {[%emt 0:00:38]} 35. Qa6 {[%emt 0:00:48]} Qxa6 {[%emt 0:14:05]} 36. R5xa6 {[%emt 0:01:32]} Rb7 {[%emt 0:02:03]} 37. R6a7 {[%emt 0:01:25]} Rxa7 {[%emt 0:03:26]} 38. Rxa7 {[%emt 0:00:02]} Kf7 {[%emt 0:00:31]} 39. Ra6 {[%emt 0:01:44]} g5 {[%emt 0:05:33]} 40. b5 {[%emt 0:00:00]} g4+ {[%emt 0:00:00]} 41. Kh2 {[%emt 0:01:27]} cxb5 {[%emt 0:00:34]} 42. c6 {[%emt 0:00:05]} Bxc6 {[%emt 0:01:51]} 43. Rxc6 {[%emt 0:00:02]} Nd7 {[%emt 0:07:15]} 44. Rc7 {[%emt 0:00:45]} Ke8 {[%emt 0:00:02]} 45. Rb7 {[%emt 0:00:07]} Kd8 {[%emt 0:00:06]} 46. Ba5+ {[%emt 0:00:19]} Kc8 {[%emt 0:02:29]} 47. Rc7+ {[%emt 0:00:12]} Kd8 {[%emt 0:00:03]} 48. Rc6+ {[%emt 0:00:08]} Ke8 {[%emt 0:00:03]} 49. Rxe6 {[%emt 0:02:45]} Nf8 {[%emt 0:00:07]} 50. Rb6 {[%emt 0:00:32]} Bxh4 {[%emt 0:00:14]} 51. Rxb5 {[%emt 0:00:09]} Bg5 {[%emt 0:00:56]} 52. Bd2 {[%emt 0:00:07]} Ne6 {[%emt 0:00:20]} 53. Rxd5 {[%emt 0:00:12]} Ke7 {[%emt 0:00:28]} 54. g3 {[%emt 0:00:22]} h4 {[%emt 0:00:11]} 55. gxh4 {[%emt 0:00:22]} Bxh4 {[%emt 0:00:04]} 56. Bb4+ {[%emt 0:00:27]} Ke8 {[%emt 0:00:41]} 57. Ra5 {[%emt 0:00:36]} Bg5 {[%emt 0:01:10]} 58. d5 {[%emt 0:00:34]} Nc7 {[%emt 0:00:13]} 59. Bd6 {[%emt 0:00:14]} Kd7 {[%emt 0:00:33]} 60. Ra7 {[%emt 0:00:06]} 1-0

[Event "WYCC 2018 O16"]
[Site "Halkidiki"]
[Date "2018.10.23"]
[Round "5"]
[White "Sahidi, Samir"]
[Black "Fainman, Tomer"]
[Result "1/2-1/2"]
[WhiteElo "2315"]
[BlackElo "2054"]
[Annotator "ChessBase"]
[PlyCount "139"]
[EventDate "2018.10.20"]
[EventType "swiss"]
[EventCountry "GRE"]
[SourceTitle "playchess.com"]
[Source "ChessBase"]
[SourceQuality "1"]
[TimeControl "40/5400+30:1800+30"]

1. e4 {[%emt 0:00:00]} c6 {[%emt 0:00:00]} 2. Nc3 {[%emt 0:00:00]} d5 {[%emt 0:00:00]} 3. Nf3 {[%emt 0:00:12]} dxe4 {[%emt 0:01:44]} 4. Nxe4 {[%emt 0:00:08]} Nf6 {[%emt 0:00:44]} 5. Nxf6+ {[%emt 0:00:53]} exf6 {[%emt 0:00:15]} 6. Bc4 {[%emt 0:01:20]} Qe7+ {[%emt 0:04:01]} 7. Qe2 {[%emt 0:02:59]} Qxe2+ {[%emt 0:00:51]} 8. Bxe2 {[%emt 0:00:53]} Bd6 {[%emt 0:00:40]} 9. O-O {[%emt 0:01:26]} O-O {[%emt 0:00:23]} 10. d4 {[%emt 0:04:42]} Bg4 {[%emt 0:06:38]} 11. h3 {[%emt 0:02:44]} Bh5 {[%emt 0:03:17]} 12. Bd2 {[%emt 0:03:06]} Re8 {[%emt 0:04:17]} 13. Rfe1 {[%emt 0:00:07]} Nd7 {[%emt 0:00:08]} 14. Kf1 {[%emt 0:13:01]} Nf8 {[%emt 0:08:09]} 15. Nh4 {[%emt 0:03:23]} Bxe2+ {[%emt 0:01:23]} 16. Rxe2 {[%emt 0:00:07]} g6 {[%emt 0:00:00]} 17. Nf3 {[%emt 0:02:41]} Ne6 {[%emt 0:07:16]} 18. Rd1 {[%emt 0:06:32]} Rad8 {[%emt 0:02:41]} 19. g3 {[%emt 0:02:57]} Bf8 {[%emt 0:06:14]} 20. Be3 {[%emt 0:05:35]} Rd7 {[%emt 0:03:04]} 21. Red2 {[%emt 0:01:47]} Red8 {[%emt 0:01:23]} 22. c3 {[%emt 0:19:09]} a5 {[%emt 0:12:17]} 23. Ne1 {[%emt 0:00:44]} b5 {[%emt 0:10:09]} 24. Nd3 {[%emt 0:02:09]} Bd6 {[%emt 0:01:12]} 25. Kg2 {[%emt 0:02:44]} Kg7 {[%emt 0:00:37]} 26. Rc1 {[%emt 0:05:03]} Bb8 {[%emt 0:02:42]} 27. a4 {[%emt 0:02:33]} bxa4 {[%emt 0:05:41]} 28. Rdc2 {[%emt 0:04:03]} a3 {[%emt 0:11:30]} 29. b4 {[%emt 0:01:26]} Bd6 {[%emt 0:00:29]} 30. Ra2 {[%emt 0:04:56]} axb4 {[%emt 0:00:57]} 31. cxb4 {[%emt 0:00:32]} Be7 {[%emt 0:00:38]} 32. Nc5 {[%emt 0:01:51]} Bxc5 {[%emt 0:01:10]} 33. dxc5 {[%emt 0:00:57]} Rd3 {[%emt 0:02:15]} 34. Rca1 {[%emt 0:01:05]} Rb3 {[%emt 0:01:01]} 35. Rxa3 {[%emt 0:00:38]} Rxb4 {[%emt 0:00:06]} 36. Ra6 {[%emt 0:00:42]} Rc8 {[%emt 0:00:33]} 37. R1a5 {[%emt 0:01:31]} Nd4 {[%emt 0:01:53]} 38. Ra7 {[%emt 0:00:49]} Nb3 {[%emt 0:01:31]} 39. Ra4 {[%emt 0:01:13]} Rb5 {[%emt 0:00:52]} 40. Rc4 {[%emt 0:00:00]} h5 {[%emt 0:00:00]} 41. h4 {[%emt 0:04:41]} Re8 {[%emt 0:07:23]} 42. Rc7 {[%emt 0:04:11]} Ra8 {[%emt 0:06:47]} 43. Rxc6 {[%emt 0:02:34]} Na5 {[%emt 0:03:19]} 44. Ra4 {[%emt 0:00:12]} Nxc6 {[%emt 0:04:15]} 45. Rxa8 {[%emt 0:00:06]} Rb8 {[%emt 0:01:28]} 46. Ra3 {[%emt 0:01:11]} Kf8 {[%emt 0:02:11]} 47. Bf4 {[%emt 0:00:48]} Ne5 {[%emt 0:00:47]} 48. Ra6 {[%emt 0:01:44]} Rc8 {[%emt 0:00:54]} 49. Be3 {[%emt 0:04:31]} Nd3 {[%emt 0:01:07]} 50. Ra5 {[%emt 0:02:11]} Ke7 {[%emt 0:00:56]} 51. Bd4 {[%emt 0:01:40]} Rc6 {[%emt 0:00:44]} 52. Kf3 {[%emt 0:01:45]} Ke6 {[%emt 0:01:29]} 53. Ke4 {[%emt 0:01:22]} Ne5 {[%emt 0:00:29]} 54. Ra3 {[%emt 0:05:39]} Nd7 {[%emt 0:01:02]} 55. Ra5 {[%emt 0:02:50]} Ne5 {[%emt 0:00:24]} 56. Rb5 {[%emt 0:00:30]} f5+ {[%emt 0:01:40]} 57. Kf4 {[%emt 0:00:13]} Nd3+ {[%emt 0:01:49]} 58. Kg5 {[%emt 0:01:30]} Ne5 {[%emt 0:00:37]} 59. Bxe5 {[%emt 0:01:00]} Kxe5 {[%emt 0:00:05]} 60. f4+ {[%emt 0:00:32]} Ke4 {[%emt 0:00:24]} 61. Kh6 {[%emt 0:00:19]} Kf3 {[%emt 0:02:53]} 62. Rb3+ {[%emt 0:00:07]} Kg4 {[%emt 0:00:15]} 63. Kg7 {[%emt 0:03:37]} Rxc5 {[%emt 0:00:18]} 64. Kxf7 {[%emt 0:00:09]} Rc6 {[%emt 0:00:12]} 65. Kg7 {[%emt 0:00:32]} Rd6 {[%emt 0:00:12]} 66. Kf7 {[%emt 0:00:24]} Rc6 {[%emt 0:00:13]} 67. Rd3 {[%emt 0:00:51]} Rb6 {[%emt 0:00:16]} 68. Rc3 {[%emt 0:00:04]} Ra6 {[%emt 0:00:05]} 69. Re3 {[%emt 0:00:29]} Rb6 {[%emt 0:00:10]} 70. Ra3 {[%emt 0:00:09]} 1/2-1/2

[Event "WYCC 2018 O16"]
[Site "Halkidiki"]
[Date "2018.10.23"]
[Round "5"]
[White "Bekturov, Tamerlan"]
[Black "Onslow, Alfie"]
[Result "1-0"]
[WhiteElo "2297"]
[BlackElo "2037"]
[Annotator "NA"]
[PlyCount "99"]
[EventDate "2018.10.20"]
[EventType "swiss"]
[EventCountry "GRE"]
[SourceTitle "playchess.com"]
[Source "ChessBase"]
[SourceQuality "1"]
[TimeControl "40/5400+30:1800+30"]

1. d4 {[%emt 0:00:00]} d5 {[%emt 0:00:00]} 2. c4 {[%emt 0:00:00]} e6 {[%emt 0:00:00]} 3. Nc3 {[%emt 0:00:09]} Bb4 {[%emt 0:00:00]} 4. Nf3 {[%emt 0:03:24]} Nf6 {[%emt 0:00:04]} 5. Bg5 {[%emt 0:02:44]} dxc4 {[%emt 0:00:22]} 6. e3 {[%emt 0:04:19] D39: Queen's Gambit Declined: Ragozin Defence with 5 Bg5 dxc4} (6. e4 c5 7. Bxc4 cxd4 8. Nxd4 Bxc3+ 9. bxc3 Qa5 10. Bb5+ Nbd7 11. Bxf6 Qxc3+ 12. Kf1 gxf6 13. h4 Qb4 14. Rh3 a6 15. Be2 Ne5 16. Rb1 Qd6 17. Rc3 O-O 18. Qd2 Ng6 19. h5 Nf4 20. Qe3 e5 21. Nc2 {½-½ (33) Grischuk,A (2766)-Karjakin,S (2773) Saint Louis 2018}) 6... b5 {[%emt 0:00:16]} 7. Be2 {[%emt 0:09:28]} Bb7 {[%emt 0:02:38]} 8. O-O {[%emt 0:00:42]} a6 {[%emt 0:00:15]} 9. a4 {[%emt 0:00:15]} Nbd7 {[%emt 0:02:29]} 10. Qc2 $146 {[%emt 0:23:06]} ({Predecessor:} 10. Bxf6 gxf6 11. axb5 Bxc3 12. bxa6 Bxb2 13. Rb1 Bxf3 14. Bxf3 {0-1 (24) Rocha,S (2364)-Iruzubieta Villaluenga,J (2428) Leiria 2017}) 10... Bxc3 {[%emt 0:07:09]} 11. bxc3 {[%emt 0:01:16]} Nb6 {[%emt 0:00:46]} 12. Qb2 {[%emt 0:06:36]} Qd5 {[%emt 0:04:27]} 13. Rfb1 {[%emt 0:02:10]} Bc6 {[%emt 0:04:55]} 14. axb5 {[%emt 0:05:54]} axb5 {[%emt 0:00:20]} 15. Rxa8+ {[%emt 0:00:15]} Nxa8 {[%emt 0:00:15]} 16. Qb4 {[%emt 0:00:11]} Nb6 {[%emt 0:06:13]} 17. Bf1 {[%emt 0:03:41]} Qd6 {[%emt 0:49:47]} 18. Ne5 {[%emt 0:00:55]} Qxb4 {[%emt 0:00:25]} 19. Rxb4 {[%emt 0:00:11]} Nfd5 {[%emt 0:03:45]} 20. Nxc6 {[%emt 0:21:17]} Nxb4 {[%emt 0:00:05]} 21. Nxb4 {[%emt 0:00:32]} Nd5 {[%emt 0:01:39]} 22. Nxd5 {[%emt 0:05:13]} exd5 {[%emt 0:00:01]} 23. f3 {[%emt 0:00:33]} f5 {[%emt 0:00:35]} 24. Kf2 {[%emt 0:01:58]} Kd7 {[%emt 0:01:05]} 25. e4 {[%emt 0:00:12]} fxe4 {[%emt 0:00:22]} 26. fxe4 {[%emt 0:00:06]} Rf8+ {[%emt 0:01:16]} 27. Ke2 {[%emt 0:00:12]} dxe4 {[%emt 0:00:06]} 28. g3 {[%emt 0:00:26]} Ra8 {[%emt 0:00:46]} 29. Bd2 {[%emt 0:01:06]} Ra2 {[%emt 0:02:43]} 30. Ke3 {[%emt 0:00:27]} c5 {[%emt 0:09:48]} 31. dxc5 {[%emt 0:00:06]} Kc6 {[%emt 0:00:33]} 32. Bg2 {[%emt 0:00:16]} Kxc5 {[%emt 0:00:13]} 33. Bxe4 {[%emt 0:00:07]} h6 {[%emt 0:00:24]} 34. Bg6 {[%emt 0:01:54]} Kd5 {[%emt 0:01:26]} 35. h4 {[%emt 0:00:18]} Rb2 {[%emt 0:00:48]} 36. g4 {[%emt 0:01:50]} Ke5 {[%emt 0:00:43]} 37. h5 {[%emt 0:03:05]} Kd5 {[%emt 0:00:56]} 38. Be1 {[%emt 0:00:55]} Rb3 {[%emt 0:00:38]} 39. Bf7+ {[%emt 0:01:18]} Ke5 {[%emt 0:00:34]} 40. Bg8 {[%emt 0:00:00]} Ra3 {[%emt 0:00:00]} 41. Bg3+ {[%emt 0:11:07]} Kf6 {[%emt 0:01:10]} 42. Kd4 {[%emt 0:00:51]} Kg5 {[%emt 0:01:37]} 43. Be5 {[%emt 0:01:21]} Kxg4 {[%emt 0:01:22]} 44. Bf7 {[%emt 0:00:19]} Rb3 {[%emt 0:19:23]} 45. Kc5 {[%emt 0:06:42]} b4 {[%emt 0:07:12]} 46. cxb4 {[%emt 0:00:38]} Rf3 {[%emt 0:00:48]} 47. Bxc4 {[%emt 0:01:07]} Re3 {[%emt 0:01:21]} 48. Kd4 {[%emt 0:00:20]} Re1 {[%emt 0:00:21]} 49. Bf7 {[%emt 0:00:17]} Rc1 $18 {[%emt 0:01:20]} 50. Bg6 {[%emt 0:00:13]} 1-0

[Event "WYCC 2018 O16"]
[Site "Halkidiki"]
[Date "2018.10.23"]
[Round "5"]
[White "Stevanic, David"]
[Black "Kim, Yunseo"]
[Result "1/2-1/2"]
[WhiteElo "2281"]
[BlackElo "1995"]
[Annotator "NA"]
[PlyCount "129"]
[EventDate "2018.10.20"]
[EventType "swiss"]
[EventCountry "GRE"]
[SourceTitle "playchess.com"]
[Source "ChessBase"]
[SourceQuality "1"]
[TimeControl "40/5400+30:1800+30"]

1. e4 {[%emt 0:00:00]} c6 {[%emt 0:00:00]} 2. d4 {[%emt 0:00:00]} d5 {[%emt 0:00:00]} 3. exd5 {[%emt 0:00:00]} cxd5 {[%emt 0:00:00]} 4. c4 {[%emt 0:00:00]} Nf6 {[%emt 0:00:00]} 5. Nc3 {[%emt 0:00:00]} Nc6 {[%emt 0:00:00]} 6. Bg5 {[%emt 0:00:06]} e6 {[%emt 0:00:08]} 7. Nf3 {[%emt 0:01:04]} Be7 {[%emt 0:00:08]} 8. c5 {[%emt 0:01:16]} O-O {[%emt 0:00:09]} 9. Bb5 {[%emt 0:03:06]} Ne4 {[%emt 0:00:57]} 10. Bxe7 {[%emt 0:02:14]} Nxe7 {[%emt 0:00:22]} 11. O-O {[%emt 0:01:16]} Nxc3 {[%emt 0:01:12]} 12. bxc3 {[%emt 0:00:10]} b6 {[%emt 0:01:23]} 13. cxb6 {[%emt 0:04:29]} Qxb6 {[%emt 0:00:07]} 14. Rb1 {[%emt 0:02:14]} Ba6 {[%emt 0:05:30]} 15. a4 {[%emt 0:19:53]} Bxb5 {[%emt 0:07:43]} 16. Rxb5 $15 {[%emt 0:02:37]} Qc7 {[%emt 0:06:33]} 17. Qb3 {[%emt 0:06:06]} Rab8 {[%emt 0:06:12]} 18. Rb1 {[%emt 0:02:25]} Nc6 {[%emt 0:05:44]} 19. h3 {[%emt 0:02:22]} Rxb5 {[%emt 0:01:19]} 20. axb5 {[%emt 0:00:11]} Na5 {[%emt 0:01:12]} 21. Qa3 {[%emt 0:04:51]} Nc4 {[%emt 0:01:59]} 22. Qc5 {[%emt 0:14:49]} Qa5 {[%emt 0:08:35]} 23. Ne5 {[%emt 0:00:57]} Nxe5 {[%emt 0:07:03]} 24. dxe5 {[%emt 0:00:04]} h6 {[%emt 0:01:26]} 25. Rb4 {[%emt 0:06:25]} Rb8 {[%emt 0:07:18]} 26. Kh2 {[%emt 0:11:53]} Qb6 {[%emt 0:02:57]} 27. Qxb6 {[%emt 0:02:20]} Rxb6 {[%emt 0:00:17]} 28. h4 {[%emt 0:01:31]} h5 {[%emt 0:00:31]} 29. Kg3 {[%emt 0:00:45]} g6 {[%emt 0:01:24]} 30. Kf4 {[%emt 0:00:59]} a6 {[%emt 0:01:03]} 31. bxa6 {[%emt 0:00:59]} Rxa6 {[%emt 0:00:06]} 32. Kg5 {[%emt 0:02:16]} Kg7 {[%emt 0:00:38]} 33. g4 {[%emt 0:00:19]} hxg4 {[%emt 0:00:46]} 34. h5 {[%emt 0:00:04]} gxh5 {[%emt 0:00:41]} 35. Kxh5 {[%emt 0:00:03]} Rc6 {[%emt 0:02:53]} 36. Rxg4+ {[%emt 0:00:30]} Kf8 {[%emt 0:03:30]} 37. Rg3 {[%emt 0:00:07]} Ke7 {[%emt 0:01:42]} 38. Kg5 {[%emt 0:01:04]} Rc8 {[%emt 0:01:31]} 39. Kh6 {[%emt 0:01:55]} Rh8+ {[%emt 0:01:35]} 40. Kg7 {[%emt 0:00:00]} Rh5 {[%emt 0:00:00]} 41. f4 {[%emt 0:01:49]} Rh4 {[%emt 0:03:06]} 42. Rf3 {[%emt 0:00:03]} Rg4+ {[%emt 0:00:19]} 43. Kh6 {[%emt 0:00:08]} f6 {[%emt 0:00:38]} 44. Kh5 {[%emt 0:04:21]} Rg1 {[%emt 0:25:52]} 45. Re3 {[%emt 0:09:58]} fxe5 {[%emt 0:01:36]} 46. fxe5 {[%emt 0:00:51]} Kd7 {[%emt 0:01:03]} 47. c4 {[%emt 0:00:33]} dxc4 {[%emt 0:00:31]} 48. Rc3 {[%emt 0:00:23]} Kc6 {[%emt 0:00:36]} 49. Rxc4+ {[%emt 0:00:05]} Kd5 {[%emt 0:00:03]} 50. Rc2 {[%emt 0:00:06]} Kxe5 {[%emt 0:00:23]} 51. Re2+ {[%emt 0:00:11]} Kf6 {[%emt 0:00:21]} 52. Rf2+ {[%emt 0:00:18]} Ke7 {[%emt 0:02:19]} 53. Re2 {[%emt 0:00:08]} Kf7 {[%emt 0:00:20]} 54. Rf2+ {[%emt 0:00:31]} Ke8 {[%emt 0:00:15]} 55. Rd2 {[%emt 0:00:20]} Ke7 {[%emt 0:02:10]} 56. Re2 {[%emt 0:00:09]} Rg8 {[%emt 0:00:28]} 57. Re1 {[%emt 0:05:32]} Kd6 {[%emt 0:00:12]} 58. Rd1+ {[%emt 0:00:23]} Kc5 {[%emt 0:00:07]} 59. Re1 {[%emt 0:00:25]} Kd5 {[%emt 0:00:06]} 60. Rd1+ {[%emt 0:00:08]} Kc4 {[%emt 0:00:26]} 61. Re1 {[%emt 0:00:17]} Re8 {[%emt 0:00:15]} 62. Kg4 {[%emt 0:01:03]} e5 {[%emt 0:01:47]} 63. Kf5 {[%emt 0:01:52]} Rf8+ {[%emt 0:01:54]} 64. Ke4 {[%emt 0:00:07]} Kc3 {[%emt 0:01:30]} 65. Ra1 {[%emt 0:00:21]} 1/2-1/2

[Event "WYCC 2018 O16"]
[Site "Halkidiki"]
[Date "2018.10.23"]
[Round "5"]
[White "Faerber, David"]
[Black "Wijesinghe, N L C Dojitha"]
[Result "0-1"]
[WhiteElo "2279"]
[BlackElo "1688"]
[Annotator "NA"]
[PlyCount "108"]
[EventDate "2018.10.20"]
[EventType "swiss"]
[EventCountry "GRE"]
[SourceTitle "playchess.com"]
[Source "ChessBase"]
[SourceQuality "1"]
[TimeControl "40/5400+30:1800+30"]

1. e4 {[%emt 0:00:00]} c5 {[%emt 0:00:00]} 2. Nf3 {[%emt 0:00:00]} d6 {[%emt 0:00:00]} 3. d4 {[%emt 0:00:54]} cxd4 {[%emt 0:00:00]} 4. Nxd4 {[%emt 0:00:14]} Nf6 {[%emt 0:00:16]} 5. Nc3 {[%emt 0:00:13]} g6 {[%emt 0:00:18]} 6. Be3 {[%emt 0:00:57]} Bg7 {[%emt 0:00:08]} 7. f3 {[%emt 0:00:07]} O-O {[%emt 0:00:10]} 8. Qd2 {[%emt 0:00:06]} Nc6 {[%emt 0:00:05]} 9. Bc4 {[%emt 0:01:20]} Bd7 {[%emt 0:00:15]} 10. O-O-O {[%emt 0:00:26]} Qa5 {[%emt 0:00:23]} 11. Kb1 {[%emt 0:04:45]} Ne5 {[%emt 0:01:01]} 12. Bb3 {[%emt 0:00:56]} Rfc8 {[%emt 0:00:09]} 13. Bg5 {[%emt 0:05:43]} Rc5 {[%emt 0:01:35]} 14. f4 {[%emt 0:12:21] LiveBook: 3 Games} Nc4 {[%emt 0:02:40]} 15. Bxc4 {[%emt 0:03:49]} Rxc4 {[%emt 0:00:09]} 16. Nb3 {[%emt 0:12:54] [#]} Qxc3 $15 {[%emt 0:02:27]} 17. bxc3 {[%emt 0:04:39]} Nxe4 {[%emt 0:00:28]} 18. Qe3 {[%emt 0:03:33]} Nxc3+ {[%emt 0:02:24]} 19. Kc1 {[%emt 0:00:22]} Nxa2+ {[%emt 0:13:00]} 20. Kd2 {[%emt 0:14:08]} Bf5 {[%emt 0:01:24]} 21. Qxe7 {[%emt 0:01:43]} Re4 {[%emt 0:04:00]} 22. Qxe4 {[%emt 0:09:49]} Bxe4 {[%emt 0:00:07]} 23. Ra1 {[%emt 0:04:17]} Bxg2 {[%emt 0:03:14]} 24. Rhg1 {[%emt 0:01:00]} Bxa1 {[%emt 0:02:05]} 25. Rxa1 {[%emt 0:00:28]} Nb4 {[%emt 0:00:05]} 26. Nd4 {[%emt 0:00:21]} Nc6 {[%emt 0:01:17]} 27. Nb5 {[%emt 0:01:08]} Kg7 {[%emt 0:01:49]} 28. f5 {[%emt 0:04:06]} f6 {[%emt 0:04:50]} 29. Bf4 {[%emt 0:01:14]} Rd8 {[%emt 0:02:39]} 30. fxg6 {[%emt 0:02:09]} hxg6 {[%emt 0:04:24]} 31. Nxa7 {[%emt 0:01:01]} Ra8 {[%emt 0:00:55]} 32. Be3 {[%emt 0:00:19]} Nxa7 {[%emt 0:00:36]} 33. Bxa7 {[%emt 0:02:30]} Kf7 {[%emt 0:00:27]} 34. Kc3 {[%emt 0:02:12]} f5 {[%emt 0:02:28]} 35. Kd4 {[%emt 0:01:52]} Kf6 {[%emt 0:01:47]} 36. Ke3 {[%emt 0:00:28]} Ke6 {[%emt 0:01:30]} 37. Kf4 {[%emt 0:01:42]} Kd7 {[%emt 0:02:57]} 38. Ra5 {[%emt 0:03:21]} Kc6 {[%emt 0:01:05]} 39. Bb6 {[%emt 0:00:35]} Rxa5 {[%emt 0:00:18]} 40. Bxa5 {[%emt 0:00:00]} Be4 {[%emt 0:00:00]} 41. c3 {[%emt 0:00:32]} b6 {[%emt 0:08:36]} 42. Bb4 {[%emt 0:00:10]} Kd5 {[%emt 0:01:11]} 43. h4 {[%emt 0:03:54]} Ke6 {[%emt 0:03:15]} 44. Kg5 {[%emt 0:06:03]} Ke5 {[%emt 0:03:17]} 45. h5 {[%emt 0:02:10]} gxh5 {[%emt 0:02:03]} 46. Kxh5 {[%emt 0:00:06]} Kd5 {[%emt 0:00:55]} 47. Kg5 {[%emt 0:01:15]} Kc4 {[%emt 0:00:46]} 48. Bxd6 {[%emt 0:00:27]} Kxc3 {[%emt 0:00:04]} 49. Be5+ {[%emt 0:00:44]} Kb3 {[%emt 0:01:52]} 50. Kf4 {[%emt 0:00:21]} b5 {[%emt 0:00:04]} 51. Ke3 {[%emt 0:00:05]} b4 {[%emt 0:00:04]} 52. Bd6 {[%emt 0:01:54]} Kc3 {[%emt 0:00:30]} 53. Be5+ {[%emt 0:00:20]} Kc2 {[%emt 0:00:13]} 54. Bd6 {[%emt 0:00:16]} b3 {[%emt 0:00:05]} 0-1